Statistics for 15 most popular ncs songs with teal circle (February 2024)

Click here to take the quiz!

General Stats

  • This quiz has been taken 4 times
  • The average score is 12 of 15

Answer Stats

Views/Artist/sAnswer% Correct
418k/Jéja & ZaugBad Habit
100%
355k/Rxm リムCONNECTION
100%
791k/StryboCurse
100%
607k/ATSMXN & XTOMEnemies
100%
1mil/RAIZHELLFaster
100%
479k/ANGELPLAYAPLAYAS NEVER DIE
100%
797k/ANGELPLAYAPULL UP
100%
382k/FLAYA PLAYA & Maikubi & NomeliuWu BURST
100%
749k/VØJ & ATSMXNBlade Fury
75%
537k/ANGELPLAYADANGEROUS
75%
469k/VOLT VISION & Beneath My ShadeDangerous
75%
526k/ATSMXN & XTOMThe Raven
75%
871k/ANGELPLAYALET THEM HAVE IT
50%
523k/Rxm リムLOOK AT ME!
50%
651k/ANGELPLAYAPSYCHOPATIC
0%

Score Distribution

Percentile by Number Answered

Percent of People with Each Score

Your Score History

You have not taken this quiz